000 01429nam a2200337 i 4500
001 bg
003 BPK
005 20200605101102.0
008 000131s1999 pl |000 0 pol
015 _aPB 2000/5305
040 _aWA N
_cBPK
041 0 _apol
080 _a348.7(438)
080 _a348.412(438)
080 _a347.61/.64(438)
100 1 _aSugier, Edward
_d(1939- ).
245 1 0 _aPrzeszkody małżeńskie w polskim kodeksie rodzinnym i opiekuńczym :
_bmałżeństwo konkordatowe /
_cEdward Sugier.
260 _aKoszalin :
_bWydaw. Uczelniane PK,
_c1999.
300 _a117 s. ;
_c24 cm.
490 1 _aMonografia Wydziału Ekonomii i Zarządzania / Politechnika Koszalińska.
500 _aNr ISSN 0239-7129 oraz nr 68 kontynuuje numerację serii pierwotnej: Monografie - Wyższa Szkoła Inżynierska w Koszalinie.
504 _aBibliogr.
650 4 _aKonkordat z Polską (1993)
650 4 _aMałżeństwo
_xprawo
_zPolska.
650 4 _aPrzeszkody małżeńskie
_zPolska.
710 2 _aPolitechnika Koszalińska.
_bWydawnictwo Uczelniane.
_4pbl.
856 _uhttp://koha.tu.koszalin.pl/cgi-bin/koha/opac-detail.pl?biblionumber=36063
_yKatalog online BPK
856 _uhttp://dlibra.tu.koszalin.pl/dlibra/docmetadata?id=503
_yBiblioteka Cyfrowa
830 0 _aMonografia Wydziału Ekonomii i Zarządzania - Politechnika Koszalińska
942 _2UKD
_cKS
999 _c36063
_d36063